Process systems analysis and control (Record no. 13575)

000 -LEADER
fixed length control field 00578nam a22002051 4500
001 - CONTROL NUMBER
control field 13575
003 - CONTROL NUMBER IDENTIFIER
control field BD-DhUET
008 - FIXED-LENGTH DATA ELEMENTS--GENERAL INFORMATION
fixed length control field 730306s1965 nyua b 000 0 eng
040 ## - CATALOGING SOURCE
Original cataloging agency DLC
Transcribing agency DLC
Modifying agency BD-DhUET
082 ## - DEWEY DECIMAL CLASSIFICATION NUMBER
Classification number 660.284
Item number COU/1965
100 1# - MAIN ENTRY--PERSONAL NAME
Personal name Coughanowr, Donald R.
245 10 - TITLE STATEMENT
Title Process systems analysis and control
250 ## - EDITION STATEMENT
Edition statement 1st ed.
260 ## - PUBLICATION, DISTRIBUTION, ETC. (IMPRINT)
Place of publication, distribution, etc. New York
Name of publisher, distributor, etc. McGraw-Hill
Date of publication, distribution, etc. 1965
300 ## - PHYSICAL DESCRIPTION
Extent xii, 491 p.
Other physical details ill.
Dimensions 21 cm.
490 ## - SERIES STATEMENT
Series statement McGraw-Hill chemical engineering series
650 #0 - SUBJECT ADDED ENTRY--TOPICAL TERM
Topical term or geographic name as entry element Control devices process engineering
700 ## - ADDED ENTRY--PERSONAL NAME
Personal name Koppel, Lowell B.
942 ## - ADDED ENTRY ELEMENTS (KOHA)
Koha item type General Book
Holdings
Shelving location Lost status Koha full call number Damaged status Koha item type Koha date last seen Sublocation or collection (holding branch) Date acquired Price effective from Koha normalized classification for sorting Source of classification or shelving scheme Piece designation (barcode) Koha date last borrowed Koha issues (times borrowed) Not for loan Withdrawn status Location (home branch) Copy number
Circulation section 660.284/COU/1965 General Book2015-03-03Central Library, BUET2015-03-032015-03-03660_284000000000000_COU_1965 29699    Central Library, BUET1
Circulation section 660.284/COU/1965 General Book2017-05-09Central Library, BUET2015-03-032015-03-03660_284000000000000_COU_1965 296892017-05-091  Central Library, BUET2
Circulation section 660.284/COU/1965 General Book2015-03-03Central Library, BUET2015-03-032015-03-03660_284000000000000_COU_1965 29697    Central Library, BUET3
Circulation section 660.284/COU/1965 General Book2015-03-03Central Library, BUET2015-03-032015-03-03660_284000000000000_COU_1965 29692    Central Library, BUET4
Circulation section 660.284/COU/1965 General Book2015-03-03Central Library, BUET2015-03-032015-03-03660_284000000000000_COU_1965 29698    Central Library, BUET5
Circulation section 660.284/COU/1965 General Book2015-03-03Central Library, BUET2015-03-032015-03-03660_284000000000000_COU_1965 29690    Central Library, BUET6
Cataloging to Circulation 660.284/COU/1965 General Book2015-03-03Central Library, BUET2015-03-032015-03-03660_284000000000000_COU_1965 29688    Central Library, BUET7
Circulation section 660.284/COU/1965 General Book2015-03-04Central Library, BUET2015-03-042015-03-04660_284000000000000_COU_1965 34519    Central Library, BUET8
Circulation section 660.284/COU/1965 General Book2015-05-11Central Library, BUET2015-05-112015-05-11660_284000000000000_COU_1965 29694    Central Library, BUET9
Circulation section 660.284/COU/1965 General Book2015-05-11Central Library, BUET2015-05-112015-05-11660_284000000000000_COU_1965 29696    Central Library, BUET10
Circulation section 660.284/COU/1965 General Book2015-05-13Central Library, BUET2015-05-132015-05-13660_284000000000000_COU_1965 29695    Central Library, BUET11
Circulation section 660.284/COU/1965 General Book2015-05-14Central Library, BUET2015-05-142015-05-14660_284000000000000_COU_1965 17869    Central Library, BUET12
Circulation section 660.284/COU/1965 General Book2015-05-18Central Library, BUET2015-05-182015-05-18660_284000000000000_COU_1965 15822    Central Library, BUET13
Reading section 660.284/COU/1965 General Book2015-06-20Central Library, BUET2015-06-202015-06-20660_284000000000000_COU_1965 29700    Central Library, BUET14
Reading section 660.284/COU/1965 General Book2015-06-20Central Library, BUET2015-06-202015-06-20660_284000000000000_COU_1965 29701    Central Library, BUET15
Circulation section 660.284/COU/1965 General Book2015-07-10Central Library, BUET2015-07-102015-07-10660_284000000000000_COU_1965 16716    Central Library, BUET16